书目信息 |
| 题名: |
蒋后主秘录
|
|
| 作者: | 唐人 著 | |
| 分册: | 上 | |
| 出版信息: | 天津 百花文艺出版社 1983 |
|
| 页数: | 345页 | |
| 开本: | 19cm | |
| 丛书名: | ||
| 单 册: | ||
| 中图分类: | I247.53 , I247.4 | |
| 科图分类: | ||
| 主题词: | 长篇小说--中国--现代 | |
| 电子资源: | ||
| ISBN: | ||
| 000 | 00622nam0 2200241 450 | |
| 001 | 1573032021 | |
| 005 | 20150122201744.71 | |
| 010 | @dCNY0.93 | |
| 091 | @a10151.658(上) | |
| 091 | @a10151.684(下) | |
| 100 | @a19950603d1983 em y0chiy0110 ea | |
| 101 | 0 | @achi |
| 102 | @aCN@b120000 | |
| 105 | @ay z 000ad | |
| 200 | 1 | @a蒋后主秘录@9jiang hou zhu mi lu@h上@f唐人著 |
| 210 | @a天津@c百花文艺出版社@d1983 | |
| 215 | @a345页@d19cm | |
| 606 | 0 | @a长篇小说@y中国@z现代 |
| 690 | @aI247.53@v5 | |
| 690 | @aI247.4@v4 | |
| 701 | 0 | @a唐人@9tang ren@4著 |
| 801 | 0 | @aCN@bTSSF@c20150122 |
| 905 | @aZUCC@dI247.4@eJY104:1 | |
| 蒋后主秘录.上/唐人著.-天津:百花文艺出版社,1983 |
| 345页;19cm |
| ISBN :CNY0.93 |
| ● |
| 相关链接 |
|
|
|
|
正题名:蒋后主秘录
索取号:I247.4/JY104:1
 
预约/预借
| 序号 | 登录号 | 条形码 | 馆藏地/架位号 | 状态 | 备注 |
| 1 | 7855701 | 278557018 | 学院路分馆/ [索取号:I247.4/JY104:1] | 在馆 |